Statistics for Top 60 Johnny Cash Songs

Click here to take the quiz!

General Stats

  • This quiz has been taken 76 times
  • The average score is 12 of 60

Answer Stats

#Song% Correct
5Ring of Fire
94%
2Folsom Prison Blues
84%
1Hurt
84%
7I Walk the Line
84%
10Jackson
60%
3Cocaine Blues (Live at Folsom Prison)
53%
6A Boy Named Sue (Live at San Quentin)
48%
8Man in Black
47%
22Cry! Cry! Cry!
44%
15Highwayman
39%
16Get Rhythm
35%
18I've Been Everywhere
35%
31Big River
34%
25Hey Porter
31%
23One Piece at a Time
31%
34San Quentin (Live at San Quentin)
31%
4Sunday Morning Coming Down
31%
24Daddy Sang Bass
29%
14God's Gonna Cut You Down
27%
45Rusty Cage
24%
9The Man Comes Around
24%
17[Ghost] Riders in the Sky
23%
11I Still Miss Someone (Live at Folsom Prison)
19%
12I Won't Back Down
19%
3025 Minutes to Go (Live at Folsom Prison)
15%
32The Ballad of Ira Hayes
15%
54Don't Take Your Guns to Town
13%
35It Ain't Me Babe
13%
28Orange Blossom Special
11%
27Personal Jesus
11%
37Ain't No Grave
10%
60Delia's Gone
10%
40Give My Love to Rose
10%
19I Got Stripes (Live at Folsom Prison)
10%
48Solitary Man
10%
21I Hung My Head
8%
20Sea of Heartbreak
8%
59If I Were a Carpenter
6%
43Understand Your Man
6%
58Wanted Man (Live at San Quentin)
6%
47Flesh and Blood
5%
51Girl From the North Country
5%
13I See a Darkness
5%
50Wayfaring Stranger
5%
38Redemption
3%
41Green, Green Grass of Home (Live at Folsom Prison)
2%
56In the Jailhouse Now
2%
53Joe Bean (Live at Folsom Prison)
2%
29Redemption Day
2%
44Rose of My Heart
2%
39Rowboat
2%
26The Old Rugged Cross
2%
55Further On Up the Road
0%
57In the Garden
0%
46Just As I Am
0%
49Love's Been Good to Me
0%
52Memories Are Made of This
0%
36Sam Hall
0%
33The Legend of Henry's Hammer (Live at Folsom Prison)
0%
42The Man Who Couldn't Cry
0%

Score Distribution

Percentile by Number Answered

Percent of People with Each Score

Your Score History

You have not taken this quiz